Türkiyede gensoru ve meclis tahkikatı (Record no. 2604)

MARC details
000 -BAŞLIK
Sabit Uzunlukta Kontrol Alanı 00575na a2200205 4500
001 - KONTROL NUMARASI
Denetim Alanı 18353
003 - KONTROL NUMARASI IDENTIFIER
Denetim Alanı MIRAKIL
005 - SON İŞLEM TARİHİ VE ZAMANI
Denetim Alanı 20181213154903.0
008 - SABİT-BOY VERİ ELEMANLARI - GENEL BİLGİLER
Sabit Uzunlukta Kontrol Alanı 161117b tu 000 0
040 ## - KATALOGLAMA KAYNAK
Orijinal Kataloglama Ajansı Milas
Kataloglama Dili tur
Metne Dönüştürmek Ajansı TR-AnCHP
041 ## - DİL KODU
Metin / Ses Parça Veya Ayrı Başlığın Dil Kodu tur
082 ## - DEWEY ONLU SINIFLANDIRMA NUMARASI
Sınıflandırma Numarası 328.331
Ürün Numarası T96 İ74
090 ## - SINIFLAMA NUMARASI
Sınıflama Numarası 328.331 T96 İ74
100 ## - ANA GİRİŞ - KİŞİSEL İSİM
Kişisel Ad İslam, Nadir Latif
245 ## - BAŞLIK TABLOSU
Başlık Türkiyede gensoru ve meclis tahkikatı
Sorumluluk Tablosu, Vb Nadir Latif İslam
260 ## - YAYIN, DAĞITIM, VB
Yayın, Dağıtım, Vb Yeri Ankara
Yayıncı, Dağıtıcı, Vs Adı [yayl. y.]
Yayın, Dağıtım, Vb Tarihi 1966
300 ## - FİZİKSEL TANIM
Kapsam 137 s.
Boyutlar 23 sm.
650 ## - KONU KATMA GİRİŞ - TOPİKAL DÖNEM
Topikal Süreli Veya Coğrafi Ad Giriş Elemanı Gensoru önergeleri
Genel Alt Bölümü Türkiye Büyük Millet Meclisi
942 ## - EKLENDİ GİRİŞ ELEMANLARI (KOHA)
Sınıflandırma Veya Raf Düzeni Kaynak Dewey Decimal Classification
Koha Öğesi Türü Books
999 ## - SİSTEM KONTROL NUMARALARI (KOHA)
Koha Biblionumber 2604
Koha Biblioitemnumber 2604
Holdings
Kalıcı Konum Mevcut Konum Edinme Tarihi Edinim Kaynak Toplam Check-Out'Lar Tam Çağrı Numarası Barkod Tarih Son Görülme İtibaren Geçerli Fiyatlar Koha Öğesi Türü
CHP Kütüphanesi CHP Kütüphanesi 11/17/2016 Bağış   328.331 T96 İ74 009507 11/17/2016 11/17/2016 Books